TEACHER TRANSFERS AND THEIR INFLUENCE ON STUDENTS' ACADEMIC ACHIEVEMENT IN PUBLIC SECONDARY SCHOOLS IN KAKAMEGA COUNTY, KENYA.. (Record no. 217125)

MARC details
000 -LEADER
fixed length control field 00645nam a22001577a 4500
008 - FIXED-LENGTH DATA ELEMENTS--GENERAL INFORMATION
fixed length control field 260513b |||||||| |||| 00| 0 eng d
050 ## - LIBRARY OF CONGRESS CALL NUMBER
Classification number THE LB 2840 ,K4 O46 2025
100 ## - MAIN ENTRY--PERSONAL NAME
Personal name OMULAMA, ASTON ANGOTE
245 ## - TITLE STATEMENT
Title TEACHER TRANSFERS AND THEIR INFLUENCE ON STUDENTS' ACADEMIC ACHIEVEMENT IN PUBLIC SECONDARY SCHOOLS IN KAKAMEGA COUNTY, KENYA..
260 ## - PUBLICATION, DISTRIBUTION, ETC.
Place of publication, distribution, etc. KISII,
Name of publisher, distributor, etc. KISII UNIVERSITY PRESS,
Date of publication, distribution, etc. 2025.
300 ## - PHYSICAL DESCRIPTION
Extent XIX,252 P, ILL.
500 ## - GENERAL NOTE
General note INCLUDES BIBLIOGRAPHY.
650 ## - SUBJECT ADDED ENTRY
Topical term or geographic name entry element 1. TEACHER TRANSFERS- KENYA - KAKAMEGA COUNTY 2. HIGH SCHOOL STUDENTS- ACADEMIC ACHIEVEMENT -KENYA- KAKAMEGA COUNTY
942 ## - ADDED ENTRY ELEMENTS (KOHA)
Source of classification or shelving scheme Library of Congress Classification
Koha item type Reference
Holdings
Withdrawn status Lost status Source of classification or shelving scheme Damaged status Not for loan Collection Home library Current library Shelving location Date acquired Inventory number Total checkouts Full call number Barcode Date last seen Price effective from Koha item type
    Library of Congress Classification     Special Research Kisii University Library Kisii University Library On Display 05/13/2026 113308   THE LB 2840 .K4 O46 2025 A001535 05/13/2026 05/13/2026 Reference